<?xml version="1.0" encoding="UTF-8"?>
<record
    xmlns:xsi="http://www.w3.org/2001/XMLSchema-instance"
    xsi:schemaLocation="http://www.loc.gov/MARC21/slim http://www.loc.gov/standards/marcxml/schema/MARC21slim.xsd"
    xmlns="http://www.loc.gov/MARC21/slim">

  <leader>01522nam  2200193   4500</leader>
  <controlfield tag="001">5194</controlfield>
  <datafield tag="010" ind1=" " ind2=" ">
    <subfield code="a">978-2-940587-37-7</subfield>
  </datafield>
  <datafield tag="090" ind1=" " ind2=" ">
    <subfield code="a">5194</subfield>
  </datafield>
  <datafield tag="100" ind1=" " ind2=" ">
    <subfield code="a">20190729k        u||y0frey50      ba</subfield>
  </datafield>
  <datafield tag="101" ind1=" " ind2=" ">
    <subfield code="a">fre</subfield>
  </datafield>
  <datafield tag="200" ind1=" " ind2=" ">
    <subfield code="a">Les archives</subfield>
    <subfield code="b">Brochure</subfield>
    <subfield code="e">utilit&#xE9; publique, exigence d&#xE9;mocratique</subfield>
    <subfield code="f">Barbara Roth-Lochner, Alain Dubois</subfield>
  </datafield>
  <datafield tag="210" ind1=" " ind2=" ">
    <subfield code="a">Gen&#xE8;ve</subfield>
    <subfield code="c">L'Esprit de la lettre</subfield>
    <subfield code="d">2023</subfield>
  </datafield>
  <datafield tag="215" ind1=" " ind2=" ">
    <subfield code="a">121 p.</subfield>
    <subfield code="d">24 cm</subfield>
  </datafield>
  <datafield tag="330" ind1=" " ind2=" ">
    <subfield code="a">Contre les fake news, la d&#xE9;sinformation &#xE0; grande &#xE9;chelle, les Archives semblent un rempart essentiel. Conserver et garantir l&#x2019;acc&#xE8;s &#xE0; des informations v&#xE9;rifi&#xE9;es, fiables, devient un r&#xE9;el enjeu d&#xE9;mocratique. Pourtant il est difficile de se maintenir &#xE0; la hauteur de cette exigence. Au regard de l&#x2019;ob&#xE9;sit&#xE9; informationnelle, la n&#xE9;cessit&#xE9; de la s&#xE9;lection conduit &#xE0; des choix cruciaux, bien plus aigus que par le pass&#xE9;. Ces choix doivent prendre en compte non seulement les documents eux-m&#xEA;mes, papier ou num&#xE9;riques, mais aussi les ressources n&#xE9;cessaires pour assurer leur p&#xE9;rennit&#xE9;. Choix archivistiques, choix politiques et budg&#xE9;taires, choix d&#x2019;&#xE9;conomie des ressources&#x2026; Face &#xE0; ces nouvelles contraintes Barbara Roth-Lochner et Alain Dubois font aujourd&#x2019;hui le point sur cette &#xE9;volution, et, &#xE0; la lumi&#xE8;re de leurs exp&#xE9;riences, esquissent pistes de r&#xE9;flexion et perspectives pour l&#x2019;avenir. [4e de couv.]</subfield>
  </datafield>
  <datafield tag="606" ind1=" " ind2=" ">
    <subfield code="9">4713</subfield>
    <subfield code="a">Archivistique</subfield>
  </datafield>
  <datafield tag="606" ind1=" " ind2=" ">
    <subfield code="9">869</subfield>
    <subfield code="a">Histoire</subfield>
  </datafield>
  <datafield tag="700" ind1=" " ind2=" ">
    <subfield code="9">5697</subfield>
    <subfield code="a">Roth-Lochner</subfield>
    <subfield code="b">Barbara</subfield>
    <subfield code="f">1954- </subfield>
  </datafield>
  <datafield tag="701" ind1=" " ind2=" ">
    <subfield code="9">5698</subfield>
    <subfield code="a">Dubois</subfield>
    <subfield code="b">Alain</subfield>
    <subfield code="f">1978-</subfield>
  </datafield>
  <datafield tag="801" ind1=" " ind2=" ">
    <subfield code="a">CH</subfield>
    <subfield code="b">CH-002049-8</subfield>
  </datafield>
  <datafield tag="995" ind1=" " ind2=" ">
    <subfield code="1">0</subfield>
    <subfield code="2">0</subfield>
    <subfield code="3">0</subfield>
    <subfield code="5">2025-05-13</subfield>
    <subfield code="9">5995</subfield>
    <subfield code="b">ARCHIC</subfield>
    <subfield code="c">ARCHIC</subfield>
    <subfield code="e">R&#xE9;f&#xE9;rences</subfield>
    <subfield code="f">6933</subfield>
    <subfield code="h">Achat</subfield>
    <subfield code="k">R 1521</subfield>
    <subfield code="o">1</subfield>
  </datafield>
</record>
